00684nam a22001697a 450000500170000000800410001702000150005805000210007310000200009424000360011424501620015025000230031226000680033530000270040365000290043070000550045920250122130245.0241115b mx ||||| |||| 00| 0 spa d a968362040X04aHB1951bC53 19911 aClarke, John I. aPopulation geographylespañol10aGeografía de la población /cJohn I Clarke ; tr. de la segunda edición inglesa (1972) por Ma. Teresa Gutiérrez de MacGregor y Elizabeth Holt Buttner. aPrimera edición  aMéxico :bUniversidad Nacional Autónoma de México,c1991. a254 paginas. ;c23 cm. 72lembaGeografía urbana1 aGutiérrez de MacGregor, Ma. Teresa, etraductora